Normal view
MARC view
- Sriram,M.Revathy / Ramanan,P.K / Chandrasekhar,R
Entry Personal Name
001 - CONTROL NUMBER
- control field: 1397
003 - CONTROL NUMBER IDENTIFIER
- control field: JO-AjAnu
005 - DATE AND TIME OF LATEST TRANSACTION
- control field: 20230606070531.0
008 - FIXED-LENGTH DATA ELEMENTS
- fixed length control field: 230606|| aca||aabn | a|a d
040 ## - CATALOGING SOURCE
- Original cataloging agency: JO-AjAnu
- Transcribing agency: JO-AjAnu
100 ## - HEADING--PERSONAL NAME
- Personal name: Sriram,M.Revathy / Ramanan,P.K / Chandrasekhar,R
670 ## - SOURCE DATA FOUND
- Source citation: Work cat.: (JO-AjAnu)737: Sriram,M.Revathy / Ramanan,P.K / Chandrasekhar,R, author, Core Banking Solution : Evaluation of Security and Controls